Statistics for Daily Country Riddle #52

Click here to take the quiz!

General Stats

  • This quiz has been taken 113 times
  • The average score is 18 of 21

Answer Stats

TypeAnswer% Correct
Found LetterA
98%
Found LetterZ
96%
Found LetterB
95%
Found LetterE
95%
Found LetterI
94%
Correctly Placed LetterI
89%
Found LetterU
88%
Correctly Placed LetterA
86%
Correctly Placed LetterZ
85%
Found LetterM
83%
Correctly Placed LetterB
82%
Correctly Placed LetterM
82%
Found LetterO
82%
Correctly Placed LetterM
80%
Correctly Placed LetterE
79%
Found LetterM
79%
Mystery CountryMozambique
79%
Correctly Placed LetterO
79%
Found LetterQ
79%
Correctly Placed LetterQ
79%
Correctly Placed LetterU
79%

Score Distribution

Percentile by Number Answered

Percent of People with Each Score

Your Score History

You have not taken this quiz